Popular Girl Names In America #2 - Statistics

General Stats
  • This quiz has been taken 9 times
  • The average score is 3 of 15
Answer Stats
Letter Name % Correct
Q Quinn
44%
S Savannah
44%
C Charlotte
33%
I Isabella
33%
Z Zara
33%
R Rebecca
22%
E Ellen
11%
K Kayla
11%
L Lexi
11%
R Riley
11%
A Aya
0%
M Makiyah
0%
N Nia
0%
T Talia
0%
Y Yaya
0%
No matching quizzes found
Score Distribution
Percent of People with Each Score
Percentile by Number Answered
Your Score History
You have not taken this quiz